LDR 00625nam a2200181 i 4500 001 000000103085 003 CaOOAMICUS 005 20260407161702.0 008 010914s1970 it u000 u ita u 040 $aSeMil$bita 245 10$a6: Fio-Grau. 300 $a1083 p. 773 0 $aBattaglia, Salvatore <1904-1971>$tGrande dizionario della lingua italiana.$dTorino : UTET, 1961-2009.$g6$w()6614 850 $aSeMil 852 $aSeMil$W1$xVenegono$y1$mSL1.A V 6$j269811$B59546$CSeMilBibl$Z2$F44035 $8I 961 $aSottoscrizione: UTET (Agente) 996 $6245$a6: Fio-Grau$9(OLS)http://semarc/title/149821